000 00689nam a22002417a 4500
005 20170124110014.0
010 _a780118
020 _c00.00
_a9231011553
035 _a780118
037 _bCen Lib/Ret
040 _aDPL
_bEN
082 _a301.451
_bDUN
100 _aDunn, L. C
_918346
245 _aRace, science and society /
_cL. C. Dunn...[at el.] ; edited by Leo Kuper
260 _aParis
_bThe Unesco Press
_c1956
270 _a7 Place de Fontenoy
300 _a370p.
_c21cm(Hb)
500 _aIncludes index
650 _aRace discrimination
_918347
650 _aRace relations
_918348
700 _aKuper, Leo
_918349
942 _2ddc
_cEN
_h301.451
_mDUN
999 _c126737
_d126737